Statistics for World Capitals Closest to Baku

Click here to take the quiz!

General Stats

  • This quiz has been taken 266 times
  • The average score is 16 of 20

Answer Stats

kmcapitalmiles% Correct
447Tbilisi278
96%
542Tehran337
95%
1445Ankara898
93%
929Baghdad577
93%
1430Damascus889
92%
1628Jerusalem1012
91%
457Yerevan284
91%
1465Beirut910
88%
1562Amman971
85%
1240Kuwait City771
84%
1630Tashkent1013
84%
1742Riyadh1082
83%
1691Doha1051
82%
1824Kabul1133
77%
779Ashgabat484
75%
1850Abu Dhabi1149
73%
1580Manama982
73%
1562Nicosia970
73%
1635Dushanbe1016
71%
1836Chișinău1141
40%

Score Distribution

Percentile by Number Answered

Percent of People with Each Score

Your Score History

You have not taken this quiz